000 00848nam a2200217Ia 4500
999 _c53664
_d53664
001 20711
003 GE_BSU
005 20210307000848.0
008 181216s2017||||ge |||||||||||||| ||geo||
040 _cGE_BSU
041 _ageo
080 _a57.004 მ-66
245 _aმიკროსკოპის მზა სლაიდები ბიოლოგიაში = AmScope PS50A. Microscope Slide Set for Basic Biological Science Education, 50 biology and Pathology Slides
264 _c2017.
300 _aSlides
541 _h151 Gel.
653 _aAmScope PS50A. Microscope Slide Set for Basic Biological Science Education, 50 biology and Pathology Slides
653 _aმიკროსკოპის მზა სლაიდები ბიოლოგიაში
653 _aსლაიდები
942 _cCF
_2udc